| 000 | 00381nam a2200145Ia 4500 | ||
|---|---|---|---|
| 008 | 230312s9999||||xx |||||||||||||| ||und|| | ||
| 020 | _a139781305947542 | ||
| 082 |
_a658.403 _bALB-B |
||
| 100 | _aRoberts,Sandy | ||
| 245 | 4 | _aThe big book of maker camp projects | |
| 260 |
_bCengage Learning _aUSA _c2017 |
||
| 300 | _a952 | ||
| 650 |
_aComputer _vComputer programs. |
||
| 942 | _cBK | ||
| 999 |
_c18277 _d18277 |
||